Children in play therapy: a key to understanding normal and disturbed emotions

Saved in:
Bibliografiske detaljer
Hovedforfatter: Moustakas, Clark E. (Author)
Format: Bog
Sprog:spansk
Udgivet: Nueva York McGraw-Hill 1953
Fag:
Tags: Tilføj Tag
Ingen Tags, Vær først til at tagge denne postø!

MARC

LEADER 00000nam a2200000 a 4500
001 UCU1253
003 CL-VaPUC
008 960329e19530000US |||||||||||||||||spa|d
082 0 4 |a 155.418  |b MOU  |2 21 
100 |a Moustakas, Clark E.  |e author  |9 356854 
245 1 0 |a Children in play therapy: a key to understanding normal and disturbed emotions 
300 |a 218 p 
942 |c BK 
945 |d 19960329 00:00:00  |a paguirre 
260 |a Nueva York  |b McGraw-Hill  |c 1953 
650 0 |a Psicología del niño  |9 307305 
650 7 |a JUEGO  |2 CL-VaPUC  |9 311404 
650 0 |a Trastornos del comportamiento  |9 311363 
650 0 |a Terapia  |9 334442 
583 |a last modification  |c 19960329 00:00:00  |k Rodrigo Vera 
999 |c 245933  |d 245931 
952 |0 0  |1 0  |4 0  |6 155_418000000000000_MOU_1953  |7 0  |8 P  |9 260564  |a BIBEDU  |b BIBEDU  |c BIBEDU_PB  |d 2019-11-19  |i 2015463  |o 155.418 MOU 1953  |p 2015463  |r 2024-01-25  |w 2019-11-19  |y BK  |k EDU